00794nam a22002055i 4500001000700000003000900007005001700016008004100033040002000074100003700094245004700131260005000178300002200228596007000250710004200320752003100362852005400393999001900447952012200466167908ES-MaACL20240516063105.0051004q18501950xxk | |||||||| ||eng d aCAM bspa cCAM0 aWells, H. G.,d1866-1946911645814aThe first men in the moon / cH-G. Wells. a[London] : bThomas Nelson and Sons, c[s.a.] a288 p. ; c17 cm. aImpreso probablemente a finales del S. XIX, principios del S. XX.2 aThomas Nelson and Sons, eed.9134972 aGran Bretaña - dLondres aES-MaACLjG-2083 z-- Enc. editorial en tela roja c167908d167908 00104070aATENEOMbATENEOMcDEPO2d2008-01-17eSSCl0oG-2083p1176155r2023-02-23 00:00:00w2023-02-23yMONOGRAFIA